Loading...
| Science - Other | 0 | 5 | 0 | 1 | 50 | 35 | 57.20 | 1 | 3 | 27.34 | 39.17 |
| History - World | 0 | 5 | 1 | 0 | 45 | 48 | 76.40 | 1 | 3 | 21.27 | 32.95 |
| Science - Biology | 0 | 4 | 0 | 1 | 40 | 62 | 78.00 | 0 | 0 | 11.92 | 21.89 |
| History - Other | 0 | 4 | 0 | 0 | 40 | 21 | 53.75 | 0 | 3 | 23.05 | 30.76 |
| Literature - World | 0 | 3 | 0 | 0 | 30 | 51 | 94.33 | 0 | 0 | 10.49 | 15.83 |
| Religion | 0 | 3 | 2 | 2 | 20 | 75 | 98.33 | 0 | 1 | 5.23 | 18.33 |
| History - European | 0 | 2 | 0 | 0 | 20 | 72 | 91.50 | 1 | 1 | 4.80 | 15.00 |
| Science - Physics | 0 | 2 | 0 | 0 | 20 | 55 | 64.00 | 0 | 1 | 8.61 | 15.53 |
| Social Science | 0 | 3 | 2 | 0 | 20 | 69 | 87.33 | 0 | 0 | 6.11 | 11.67 |
| Philosophy | 0 | 2 | 0 | 0 | 20 | 84 | 95.50 | 0 | 0 | 3.52 | 6.97 |
| Literature - British | 0 | 1 | 0 | 0 | 10 | 132 | 132.00 | 0 | 0 | 0.43 | 0.91 |
| Fine Arts - Other | 0 | 1 | 0 | 0 | 10 | 137 | 137.00 | 0 | 0 | 0.07 | 3.64 |
| Fine Arts - Painting and Sculpture | 0 | 1 | 0 | 0 | 10 | 99 | 99.00 | 0 | 1 | 2.77 | 8.33 |
| Literature - American | 0 | 1 | 0 | 0 | 10 | 114 | 114.00 | 0 | 0 | 0.73 | 0.91 |
| Current Events | 0 | 1 | 0 | 1 | 10 | 110 | 110.00 | 0 | 0 | 4.17 | 20.83 |
| Other Academic | 0 | 1 | 0 | 0 | 10 | 94 | 94.00 | 0 | 0 | 4.91 | 10.42 |
| Literature - European | 0 | 1 | 1 | 0 | 5 | 131 | 131.00 | 0 | 0 | 0.00 | 1.67 |
| History - American | 0 | 1 | 1 | 0 | 5 | 44 | 44.00 | 1 | 1 | 6.56 | 10.00 |
| Geography | 0 | 0 | 1 | 0 | -5 | 0.00 | 0 | 0 | 0.00 | 0.00 |